000 00416nam a2200181Ia 4500
001 12484
003 OSt
005 20260409121703.0
008 211022s9999 xx 000 0 und d
040 _cIVS
082 _a741 CRE
_b12484
100 _aCreative Source Book
245 0 _aIllustration & photography vol-12 1998
260 _bCreative Resource
260 _c1998
300 _a280
942 _cBK
_2ddc
_n0
999 _c10603
_d10603